Anterior displacement of ulnar nerve at the elbow in children (ultrasonography examination) /
Saved in:
| 主要作者: | |
|---|---|
| 格式: | Thesis 圖書 |
| 語言: | English |
| 出版: |
2005.
|
| 主題: | |
| 標簽: |
添加標簽
沒有標簽, 成為第一個標記此記錄!
|
| LEADER | 01009cam a2200241 a 4500 | ||
|---|---|---|---|
| 001 | u743568 | ||
| 003 | SIRSI | ||
| 005 | |||
| 008 | 981209s2005 my a t eng m | ||
| 035 | |a a743568 | ||
| 040 | |a UMP | ||
| 096 | |a WE168 |b UM 2005 Shaih | ||
| 100 | 0 | 0 | |a Shamsul Iskandar Hussein. |
| 245 | 1 | 0 | |a Anterior displacement of ulnar nerve at the elbow in children (ultrasonography examination) / |c Shamsul Iskandar Hussein. |
| 260 | 0 | |c 2005. | |
| 300 | |a v, 91 leaves : |b ill. ; |c 30 cm. | ||
| 500 | |a A thesis submitted in partial fulfillment for the degree of Master of Orthopaedic Surgery, Universiti of Malaya, 2005. | ||
| 502 | 0 | 0 | |a Dissertation (M.O.S) - Department of Orthopaedic Surgery, Faculty of Medicine. University of Malaya, 2005. |
| 504 | |a Bibliography : pp 86-91. | ||
| 650 | 2 | |a Ulnar Nerve. | |
| 710 | 2 | 0 | |a Universiti Malaya. |b Jabatan Pembedahan Ortopedik. |
| 596 | |a 2 | ||
| 999 | |a WE168 UM 2005 SHAIH |w NLM |c 1 |i A502934221 |d 21/8/2007 |f 21/8/2007 |g 1 |l TESIS |m P02MEDKL |r Y |s Y |t TESIS |u 21/8/2007 | ||
